Joueurs de football - Statistiques

Statistiques générales
  • Ce quiz a été pris 352 fois
  • Le résultat moyen est 12 sur 14
Statistiques - réponses
Par images Réponse % Correct
Achraf Hakimi
99%
Antoine Griezmann
97%
Karim Benzema
97%
Marco Verratti
97%
Paulo Dybala
94%
Lucas Hernandez
93%
Kingsley Coman
92%
Vinícius Júnior
92%
Robert Lewandowski
89%
Rafael Leão
88%
Riyad Mahrez
85%
Mason Mount
72%
Son Heung-min
69%
Nicolò Barella
65%
Aucun quiz correspondant
Distribution des résultats
% des personnes avec chaque résultat
Percentile par nombre de réponses
Votre historique - résultats
Vous n’avez pas pris ce quiz